Hiszpanie w Premier League - Statystyki

Ogólne statystyki
  • Ten quiz został rozwiązany 160 razy
  • Średni wynik to 11 z 29
Statystyki odpowiedzi
Klub piłkarz % Poprawnych
Man City trener Guardiola
86%
Arsenal (trener) Arteta
80%
Chelsea Azpilicueta
70%
Man Utd De Gea
67%
Man City Silva
66%
Chelsea Alonso
63%
Man City Rodri
63%
Chelsea Kepa
60%
Arsenal Bellerin
58%
Man Utd Mata
56%
Wolves Traore
47%
Leicester Perez
42%
Liverpool Adrian
40%
Chelsea Pedro
40%
Arsenal Ceballos
38%
Man City Garcia
29%
Crystal Palace Guaita
27%
Arsenal Mari
27%
West Ham Fornals
26%
Southampton Romeu
25%
Aston Villa Reina
19%
Watford Deulofeu
18%
Wolves Jonny
18%
Watford Femenia
12%
Newcastle Manquillo
11%
Bournemouth Rico
9%
Aston Villa Jota
6%
Brighton Montoya
6%
Aston Villa Baston
2%
Nie znaleziono quizów pasujących do podanych kryteriów
Rozkład punktacji
Procent ludzi z każdym wynikiem
Percentyl według liczby udzielonych odpowiedzi
Twoja historia wyników
Nie rozwiązałeś tego quizu